书目信息 |
| 题名: |
手绘表现技法
|
|
| 作者: | 洪惠群 , 陈莉平 著 | |
| 分册: | ||
| 出版信息: | 广州 华南理工大学出版社 2005.09 |
|
| 页数: | 138页 | |
| 开本: | 26cm | |
| 丛书名: | 室内设计与建筑装饰丛书 | |
| 单 册: | ||
| 中图分类: | TU204 | |
| 科图分类: | ||
| 主题词: | 建筑艺术--jian zhu yi shu--绘画--技法 (美术) | |
| 电子资源: | ||
| ISBN: | 7-5623-2254-6 | |
| 000 | 00968nam 2200265 450 | |
| 001 | 012006203366 | |
| 005 | 20060522102729.64 | |
| 010 | @a7-5623-2254-6@dCNY45.00 | |
| 100 | @a20060507d2005 km y0chiy0120 ea | |
| 101 | 0 | @achi |
| 102 | @aCN@b440000 | |
| 105 | @aa a 000yy | |
| 200 | 1 | @a手绘表现技法@Ashou hui biao xian ji fa@f洪惠群, 陈莉平著@Fhong hui qun,chen li ping zhu |
| 210 | @a广州@c华南理工大学出版社@d2005.09 | |
| 215 | @a138页@c图 (部分彩图)@d26cm | |
| 225 | 2 | @a室内设计与建筑装饰丛书@Ashi nei she ji yu jian zhu zhuang shi cong shu |
| 320 | @a有书目 (第139页)。 | |
| 330 | @a本书根据建筑设计、室内设计、城市规划、景观与园林等专业特点,介绍了徒手表现建筑与环境效果图的技法。 | |
| 410 | 0 | @12001 @a室内设计与建筑装饰丛书 |
| 606 | 0 | @a建筑艺术@Ajian zhu yi shu@x绘画@x技法 (美术) |
| 690 | @aTU204@v4 | |
| 701 | 0 | @a洪惠群@Ahong hui qun@4著 |
| 701 | 0 | @a陈莉平@Achen li ping@4著 |
| 801 | 0 | @aCN@bQSSK@c20060522 |
| 905 | @a10447@dTU204@eH404 | |
| 手绘表现技法/洪惠群, 陈莉平著.-广州:华南理工大学出版社,2005.09 |
| 138页:图 (部分彩图);26cm.-(室内设计与建筑装饰丛书) |
| ISBN 7-5623-2254-6:CNY45.00 |
| 本书根据建筑设计、室内设计、城市规划、景观与园林等专业特点,介绍了徒手表现建筑与环境效果图的技法。 |
| ● |
| 相关链接 |
|
|
|
正题名:手绘表现技法
索取号:TU204/H404
 
预约/预借
| 序号 | 登录号 | 条形码 | 馆藏地/架位号 | 状态 | 备注 |
| 1 | 580184 | 205801845 | 建筑库101/101建筑库 108排3列2层/ [索取号:TU204/H404] | 在馆 | |
| 2 | 580185 | 205801854 | 建筑库101/101建筑库 108排3列2层/ [索取号:TU204/H404] | 在馆 | |
| 3 | 580186 | 205801863 | 建筑库101/101建筑库 108排3列2层/ [索取号:TU204/H404] | 在馆 |